[Event "Olbia CIG U16 24th"]
[Site "Olbia"]
[Date "2016.07.02"]
[Round "9"]
[White "Bernardini, Tommaso"]
[Black "D'Urbano, Gabriele"]
[Result "1/2-1/2"]
[WhiteElo "1964"]
[BlackElo "1878"]
[PlyCount "72"]
[EventDate "2016.06.26"]
[EventType "swiss"]
[EventRounds "9"]
[EventCountry "ITA"]
[SourceTitle "EXT 2024"]
[Source "ChessBase"]
[SourceDate "2023.10.10"]
[SourceVersion "1"]
[SourceVersionDate "2023.10.10"]
[SourceQuality "1"]

1. d4 Nf6 2. Nc3 c5 3. d5 e6 4. e4 exd5 5. exd5 d6 6. Bb5+ Nbd7 7. a4 Be7 8. Nf3 0-0 9. 0-0 a6 10. Bd3 b6 11. Ne2 Re8 12. c4 Nf8 13. Nf4 Bg4 14. h3 Bxf3 15. Qxf3 Ng6 16. Nxg6 hxg6 17. Bf4 Qc7 18. Rfe1 Bf8 19. g4 Rxe1+ 20. Rxe1 Re8 21. Rxe8 Nxe8 22. h4 Qe7 23. Qg3 Nf6 24. f3 a5 25. b3 Nd7 26. Kf2 Qf6 27. Be2 Qd4+ 28. Be3 Qb2 29. f4 Nf6 30. Kf3 Qxb3 31. f5 Qb1 32. fxg6 Qe4+ 33. Kf2 Qxg6 34. Qf4 Qe4 35. Qxe4 Nxe4+ 36. Kf3 Nf6 1/2-1/2

[Event "Olbia CIG U16 24th"]
[Site "Olbia"]
[Date "2016.06.30"]
[Round "7"]
[White "Bernardini, Tommaso"]
[Black "Lizzul, Coppe Mirko"]
[Result "1/2-1/2"]
[WhiteElo "1964"]
[BlackElo "1857"]
[PlyCount "60"]
[EventDate "2016.06.26"]
[EventType "swiss"]
[EventRounds "9"]
[EventCountry "ITA"]
[SourceTitle "EXT 2024"]
[Source "ChessBase"]
[SourceDate "2023.10.10"]
[SourceVersion "1"]
[SourceVersionDate "2023.10.10"]
[SourceQuality "1"]

1. d4 Nf6 2. Nc3 d5 3. Bg5 Nbd7 4. e3 e6 5. f4 c6 6. a3 Be7 7. Nf3 b6 8. Bd3 Bb7 9. Ne5 0-0 10. 0-0 h6 11. Nxd7 Qxd7 12. Bxf6 Bxf6 13. Ne2 c5 14. c3 a5 15. a4 Ba6 16. Bxa6 Rxa6 17. Qd3 Raa8 18. Rf3 g6 19. g4 Kh7 20. Rg3 Bg7 21. h4 f5 22. Kg2 c4 23. Qc2 h5 24. gxh5 gxh5 25. Ng1 Bf6 26. Nf3 Rg8 27. Ng5+ Bxg5 28. hxg5 Kg6 29. Rh1 Rh8 30. Rgh3 Rh7 1/2-1/2

[Event "Porto San Giorgio op 26th"]
[Site "Porto San Giorgio"]
[Date "2015.08.24"]
[Round "3"]
[White "Foglia, Maurizio"]
[Black "Bernardini, Tommaso"]
[Result "1/2-1/2"]
[WhiteElo "2148"]
[BlackElo "1919"]
[PlyCount "95"]
[EventDate "2015.08.22"]
[EventType "swiss"]
[EventRounds "9"]
[EventCountry "ITA"]
[SourceTitle "EXT 2016"]
[Source "ChessBase"]
[SourceDate "2015.10.08"]
[SourceVersion "1"]
[SourceVersionDate "2015.10.08"]
[SourceQuality "1"]

1. d4 Nf6 2. Bg5 g6 3. Bxf6 exf6 4. e3 Bg7 5. g3 0-0 6. Bg2 d6 7. Ne2 c6 8. 0-0 Bg4 9. h3 f5 10. c4 Nd7 11. Nbc3 Bxe2 12. Qxe2 Re8 13. Qd2 Nf6 14. Rab1 Qd7 15. b4 Ne4 16. Qd3 d5 17. cxd5 cxd5 18. Ne2 Rac8 19. Rfc1 Bf8 20. a3 b5 21. f3 Nf6 22. Re1 Rc4 23. Nc1 Bd6 24. f4 Ne4 25. Bxe4 fxe4 26. Qf1 Rc3 27. Nb3 a6 28. g4 Rec8 29. Qf2 R8c7 30. Qa2 Rc2 31. Rb2 R2c3 32. Nc5 Bxc5 33. bxc5 Qc6 34. Rb3 Rc4 35. Qe2 Rb7 36. Qd2 Ra4 37. Reb1 a5 38. Qb2 b4 39. axb4 Raxb4 40. Qc2 Kg7 41. Kf2 Qa4 42. c6 Rc7 43. Qb2 Rxb3 44. Qxb3 Qxb3 45. Rxb3 Rxc6 46. Ra3 Ra6 47. Ke2 Kf6 48. Kd2 1/2-1/2

[Event "ITA-ch U14"]
[Site "Tarvisio"]
[Date "2014.07.02"]
[Round "6"]
[White "Bernardini, Tommaso"]
[Black "Gennari, Andrea"]
[Result "1-0"]
[WhiteElo "1917"]
[BlackElo "1639"]
[PlyCount "109"]
[EventDate "2014.06.29"]
[EventType "swiss"]
[EventRounds "9"]
[EventCountry "ITA"]
[SourceTitle "EXT 2015"]
[Source "ChessBase"]
[SourceDate "2014.11.20"]
[SourceVersion "1"]
[SourceVersionDate "2014.11.20"]
[SourceQuality "1"]

1. d4 Nf6 2. Nc3 e6 3. e4 Bb4 4. Bg5 h6 5. Bxf6 Qxf6 6. e5 Qe7 7. a3 Bxc3+ 8. bxc3 b6 9. Qg4 Qg5 10. Qe4 Nc6 11. Nf3 Qf5 12. Qxf5 exf5 13. d5 Ne7 14. c4 0-0 15. Bd3 f6 16. 0-0 fxe5 17. Nxe5 d6 18. Nf3 Ng6 19. Nd4 Bd7 20. f4 Rae8 21. g3 Ne7 22. Rae1 c6 23. dxc6 Bxc6 24. Rxe7 Rxe7 25. Nxc6 Rc7 26. Nd4 Rcf7 27. Re1 g6 28. Nb5 Rd8 29. Re6 Kg7 30. Nxd6 Rfd7 31. Nb5 Kf7 32. Re5 a6 33. Nc3 Rc8 34. Nd5 Rc6 35. Nb4 Re6 36. Rd5 Ra7 37. Kf2 a5 38. Na2 Rc7 39. Nc3 Rc5 40. Na4 Rxd5 41. cxd5 Rd6 42. Bc4 Ke7 43. Nc3 Rd8 44. Nb5 Rc8 45. Bb3 Rc5 46. c4 a4 47. Ba2 Kd7 48. Ke3 Ke7 49. Kd4 Kf6 50. Bb1 g5 51. Nd6 gxf4 52. gxf4 Ra5 53. Bxf5 Ke7 54. Nb5 Kf6 55. Bc2 1-0

[Event "ITA-ch U14"]
[Site "Tarvisio"]
[Date "2014.07.01"]
[Round "4"]
[White "Bernardini, Tommaso"]
[Black "D'Urbano, Gabriele"]
[Result "1-0"]
[WhiteElo "1917"]
[BlackElo "1704"]
[PlyCount "69"]
[EventDate "2014.06.29"]
[EventType "swiss"]
[EventRounds "9"]
[EventCountry "ITA"]
[SourceTitle "EXT 2015"]
[Source "ChessBase"]
[SourceDate "2014.11.20"]
[SourceVersion "1"]
[SourceVersionDate "2014.11.20"]
[SourceQuality "1"]

1. d4 Nf6 2. Nc3 d5 3. Bg5 Nbd7 4. e3 g6 5. f4 Bg7 6. Nf3 0-0 7. Bd3 c6 8. Ne5 Re8 9. 0-0 Qc7 10. Qd2 e6 11. Ne2 c5 12. c3 c4 13. Bc2 Nb6 14. g4 Ne4 15. Bxe4 dxe4 16. f5 f6 17. Bh4 fxe5 18. f6 Bxf6 19. Bxf6 exd4 20. exd4 Nd5 21. Be5 e3 22. Qe1 Qe7 23. Nf4 b5 24. h3 Bb7 25. Nxd5 Bxd5 26. Qxe3 Rf8 27. Bf4 Qd7 28. Bh6 Rxf1+ 29. Rxf1 Re8 30. Qe5 Qe7 31. h4 a6 32. h5 Ba8 33. hxg6 hxg6 34. Rf6 Qh7 35. Qxe6+ 1-0

[Event "Rocca Priora op 6th"]
[Site "Rocca Priora"]
[Date "2012.08.11"]
[Round "1"]
[White "Bernardini, Tommaso"]
[Black "Baba, Masahiro"]
[Result "0-1"]
[WhiteElo "1756"]
[BlackElo "2233"]
[PlyCount "66"]
[EventDate "2012.08.11"]
[EventType "swiss"]
[EventRounds "7"]
[EventCountry "ITA"]
[SourceTitle "EXT 2014"]
[Source "ChessBase"]
[SourceDate "2013.11.20"]
[SourceVersion "1"]
[SourceVersionDate "2013.11.20"]
[SourceQuality "1"]

1. d4 Nf6 2. Nc3 e6 3. e4 d5 4. exd5 exd5 5. Nf3 Be7 6. Bd3 Bg4 7. Be3 0-0 8. Qd2 Nc6 9. h3 Bh5 10. g4 Bg6 11. 0-0-0 Bb4 12. Bg5 Qd6 13. Kb1 Ne4 14. Bxe4 Bxe4 15. Nxe4 dxe4 16. c3 exf3 17. cxb4 Rfe8 18. Be3 Nxb4 19. Ka1 a5 20. Rc1 Qe6 21. b3 Nd5 22. Rhe1 a4 23. b4 a3 24. Rb1 Qd6 25. Rec1 Re7 26. h4 Rae8 27. Re1 Qh2 28. Qd3 Nxe3 29. Rxe3 Rxe3 30. fxe3 Qxh4 31. Qxa3 Qxg4 32. Qd3 Qg2 33. Rf1 Ra8 0-1